Riconosci lo Stato - Quiz n°6 - Statistics

Statistiche generali
  • Questo quiz è stato fatto 127 volte
  • Il punteggio medio è 12 su 13
Statistiche sulle risposte
Indizio Risposta % Corretto
Iniziale della Capitale E
96%
Valuta Dram
95%
Presidente della Repubblica Vahagn Khachaturyan
94%
Popolazione 2 967 900 ab.
93%
Superficie 29 743 km²
93%
Fuso Orario UTC+4
92%
Indipendenza Dall'Unione Sovietica, 23 agosto 1990 (dichiarata), 21 settembre 1991 (riconosciuta) 25 dicembre 1991 (completata)
91%
Primo ministro Nikol Pashinyan
91%
PIL (nominale) 11 540 milioni di $
88%
Forma di Governo Repubblica parlamentare
88%
ISU 0.776
87%
Tasso di crescita 0.107%
85%
Risposta Armenia
83%
Nessun quiz corrispondente trovato
Distribuzione punteggi
Percentuale di utenti per punteggio
Percentile per numero di risposta
I tuoi punteggi nel tempo
Non hai fatto questo quiz